|
|
|
|
| LEADER |
02091nim a2200589 i 4500 |
| 001 |
001811498 |
| 003 |
CZ BrMZK |
| 005 |
20220429074516.0 |
| 007 |
sd fungnnmmned |
| 008 |
220111t20212021xr ||nng f n cze |
| 015 |
|
|
|a cnb003379057
|
| 024 |
3 |
|
|a 8590236111127
|
| 028 |
0 |
1 |
|a CR1111-2
|b Radioservis
|
| 040 |
|
|
|a BOA001
|b cze
|e rda
|
| 043 |
|
|
|a e-xr---
|b e-xr-mo
|2 czenas
|
| 045 |
|
|
|a x2x4
|
| 072 |
|
7 |
|a 821.162.3-3
|x Česká próza
|2 Konspekt
|9 25
|
| 080 |
|
|
|a 821.162.3-31
|2 MRF
|
| 080 |
|
|
|a 94(437.326)
|2 MRF
|
| 080 |
|
|
|a (437.326)
|2 MRF
|
| 080 |
|
|
|a (0:82-311.6)
|2 MRF
|
| 080 |
|
|
|a (086.7)08
|2 MRF
|
| 080 |
|
|
|a (086.76)
|2 MRF
|
| 100 |
1 |
|
|a Lednická, Karin,
|d 1969-
|7 ola2007364650
|4 aut
|4 nrt
|
| 245 |
1 |
0 |
|a Šikmý kostel.
|n Druhý díl,
|p Léta 1921-1945 /
|c Karin Lednická
|
| 264 |
|
1 |
|a [Praha] :
|b Radioservis,
|c [2021]
|
| 264 |
|
4 |
|c ℗2021
|
| 300 |
|
|
|a 3 audiodisky (25 hod., 37 min.) ;
|c 12 cm
|
| 306 |
|
|
|a 253700
|
| 336 |
|
|
|a mluvené slovo
|b spw
|2 rdacontent
|
| 337 |
|
|
|a audio
|b s
|2 rdamedia
|
| 338 |
|
|
|a audiodisk
|b sd
|2 rdacarrier
|
| 344 |
|
|
|a digital
|b optical
|2 rda
|
| 347 |
|
|
|a audio soubor
|b MP3
|2 rda
|
| 500 |
|
|
|a Název z disku
|
| 500 |
|
|
|a Podnázev na pouzdře: románová kronika ztraceného města
|
| 500 |
|
|
|a Podle stejnojmenné knihy vydané nakladatelstvím Bílá vrána v roce 2021
|
| 508 |
|
|
|a Režie Radovan Lipus
|
| 511 |
0 |
|
|a Čte Jan Szymik, doslov čte Karin Lednická
|
| 648 |
|
4 |
|a 1921-1945
|
| 648 |
|
7 |
|a 20. století
|7 ch460558
|2 czenas
|
| 651 |
|
7 |
|a Doly (Karviná, Česko)
|7 ge1067972
|x dějiny
|y 20. století
|2 czenas
|
| 655 |
|
7 |
|a české romány
|7 fd133974
|2 czenas
|
| 655 |
|
7 |
|a historické romány
|7 fd132414
|2 czenas
|
| 655 |
|
7 |
|a audioknihy
|7 fd119452
|2 czenas
|
| 655 |
|
7 |
|a kompaktní disky
|7 fd201991
|2 czenas
|
| 700 |
1 |
|
|a Lipus, Radovan,
|d 1966-
|7 jo2002112086
|4 drt
|
| 700 |
1 |
|
|a Szymik, Jan,
|d 1957-
|7 xx0096498
|4 nrt
|
| 910 |
|
|
|a BOA001
|b CDR-1463.311,2
|
| 990 |
|
|
|a AV
|
| 991 |
|
|
|b 202204
|c NOV
|
| 996 |
6 |
|
|b 2610891535
|c CDR-1463.311,2
|l MZK
|r Sklad / do 24 hodin
|n 5
|p p.v.
|w 001875424
|u 000010
|a 1
|e BOA001
|j MZK50
|s P
|